000 00589nam a22001217a 4500
040 _cRUA
100 _aMIN KUNTHEA. មិន​ គន្ធា
245 _aDEVELOPENT AND TESTING OF CRAFTING MACHINE FOR MAING COCONUT COIR TRAY. ការអភិវឌ្ឃនិងធ្វើតេស្តឧបករណ៍កៀបស្រកីដូនសម្រាប់ផលិតធ្វើត្រេ
260 _aPhnom Penh
_bRUA
_c2021
300 _aXI.42P
_bVIII.
_c29CM
856 _uhttps://drive.google.com/file/d/1UzBPruIONzjor9yG5gKHwJos0Nki9fHZ/view?usp=sharing
942 _cAGE
999 _c21926
_d21926